|
|
|
|
| LEADER |
00827ncm a22002412a 4500 |
| 001 |
001285406 |
| 003 |
CZ BrMZK |
| 005 |
20130815104617.0 |
| 007 |
qu |
| 008 |
040427s1890 gw e zxx d |
| 040 |
|
|
|a BOA001
|b cze
|
| 072 |
|
7 |
|a 786
|x Hudba pro klávesové nástroje
|2 Konspekt
|9 9
|
| 100 |
1 |
|
|a Czerny, Carl,
|d 1791-1857
|7 jn20010601282
|4 cmp
|4 edt
|
| 245 |
1 |
4 |
|a Die Kunst der Fingerfertigkeit, Op. 740.
|n Cahier I-VI
|h [hudebnina] /
|c von Carl Czerny
|
| 246 |
3 |
1 |
|a Art de dèlier les doigts
|
| 260 |
|
|
|a Leipzig :
|b C.F. Peters,
|c [1890?]
|
| 300 |
|
|
|a 1 sv. (různé stránkování)
|
| 490 |
1 |
|
|a Edition Peters ;
|v 2412
|
| 830 |
|
0 |
|a Edition Peters
|
| 910 |
|
|
|a BOA001
|b Mus4-0116.293
|
| 990 |
|
|
|a MU
|
| 991 |
|
|
|b 201303
|
| 996 |
6 |
|
|b 2619514491
|c Mus4-0116.293
|l MZK
|r Sklad / do 1 hodiny
|n 0
|w 001319943
|u 000010
|a 1
|e BOA001
|j MZK50
|s P
|